Podnikatelské prostředí pro malé a střední podniky v České Republice
Definícia malých a stredných podnikov a ich pozícia v rámci EÚ. Prístup EÚ k malým a stredným podnikom. Hodnotenie podnikateľského prostredia a aktivity na podporu malých a stredných podnikov v ČR.
Guardado en:
| Autor principal: | |
|---|---|
| Otros Autores: | |
| Formato: | Capítulo de libro |
| Lenguaje: | checo |
| Materias: | |
| Etiquetas: |
Sin Etiquetas, Sea el primero en etiquetar este registro!
|
MARC
| LEADER | 00000nla a2200000 4500 | ||
|---|---|---|---|
| 001 | 0199001 | ||
| 005 | 20240417075055.3 | ||
| 041 | 0 | |a cze | |
| 044 | |a CZ | ||
| 245 | 1 | 0 | |a Podnikatelské prostředí pro malé a střední podniky v České Republice |c Milan Žák, Jana Procházková |
| 520 | |a Definícia malých a stredných podnikov a ich pozícia v rámci EÚ. Prístup EÚ k malým a stredným podnikom. Hodnotenie podnikateľského prostredia a aktivity na podporu malých a stredných podnikov v ČR. | ||
| 610 | 2 | 0 | |a Európska únia |
| 610 | 2 | 0 | |a Česko |
| 610 | 2 | 0 | |a prostredie podnikateľské |
| 610 | 2 | 0 | |a podnik malý |
| 610 | 2 | 0 | |a podnik stredný |
| 610 | 2 | 0 | |a podpora podnikania |
| 610 | 2 | 0 | |a financovanie |
| 100 | 1 | |a Žák, Milan | |
| 700 | 1 | |a Procházková, Jana | |